000 00319nam a22001457a 4500
003 SGT
082 _a616.07
_bBAN
100 _aBANSAL, RAJPAL
245 _aPATHOPHYSIOLOGY OF COMMON DISEASES
250 _a2ND
260 _aINDIA
_bBIRLA PUB.
_c2026
300 _a624
650 _aPATHOPHYSIOLOGY
942 _2ddc
_cBK
999 _c33028
_d33028